000 00303nam a2200121Ia 4500
008 190722s9999 xx 000 0 und d
020 _a978-93-325-4996-8
100 _aSamuel C.Certo
245 0 _aModern Management Concepts and skills
260 _aIndia
_bPearson
_c2015
300 _a575
942 _cBK
999 _c758
_d758